000 00604nam a2200217 i 4500
003 DO-SdBNP
005 20230530105937.0
007 ta
008 230530b1957 sp c|||| |||| 00| 0 spa d
040 _aDO-SdBNP
_bspa
_cBNPHU
_erda
082 4 _222
100 1 _aZorrilla y Moral, José,
_eautor
_983479
245 1 0 _aDon Juan tenorio. Traidor, inconfeso y mártir. El puñal del godo
250 _a3a ed.
264 _aMadrid :
_bAguilar,
_c1957.
300 _a506 páginas
_bretrato ;
_c12 cm.
490 _aCrisol
_v177
590 _aInventariado, 2023/BT
910 _aBtavárez
942 _2ddc
_cLBS1
999 _c53654
_d53654